Pages & Co : Tilly and the lost fairy tales

Bibliographic Details
Main Author: James, Anna
Other Authors: Escobar, Paola
Format: Book
Published: London : HarperCollins Children's Books , 2019
Subjects:

MARC

LEADER 00000cam a2200000 7i4500
001 0000281119
005 20200909160114.0
020 |a 9780008229900 
090 0 0 |a JF   |b JAM 
100 1 |a James, Anna 
245 1 0 |a Pages & Co :   |b Tilly and the lost fairy tales   |c Anna James ; illustrated by Paola Escobar 
260 |a London :   |b HarperCollins Children's Books ,   |c 2019 
300 |a 391p. :   |b ill. ;   |c 19cm. 
650 0 |a Children's stories 
700 1 |a Escobar, Paola 
999 |a 00384926   |b BUKU   |c PINJAMAN   |e PERPUSTAKAAN KOMUNITI PETALING JAYA